000 00598nam a2200193 i 4500
001 93983
003 ES-MaACL
005 20250907063055.0
007 t|
008 050426s1966 sp ||||p| spa d
080 _a821.134.2-14"19"
100 1 _aLópez Ruiz, José,
_d1906-
_9162455
245 1 3 _aEl corazón al habla /
_cJosé López Ruiz ; edición, Ángel Caffarena.
260 _aMálaga :
_bLibrería Anticuaria El Guadalhorce,
_c1966.
300 _a100 p. ;
_c21 cm.
700 1 _aCaffarena, Ángel,
_d1914-1998
_933414
852 _aES-MaACL
_jC-34200
999 _c93983
_d93983